00279nam a2200121Ia 4500008004100000100001800041245002600059260003000085300000800115650001000123942000700133999001700140190216s9999||||xx |||||||||||||| ||und|| aPrabha Khetan 0aHidi - Anye Se Ananya bRaj Kamal Prakationc2007 a287 aHindi cBK c16482d16482